[Event "Junior Online 4NCL Division 4"]
[Site "online"]
[Date "2021.04.01"]
[EventDate "2021.04.01"]
[Round "6.132"]
[White "Hutchins, Andrew"]
[WhiteElo "1449"]
[WhiteTeam "Forest Hall Juniors"]
[Black "Payne, Luca"]
[BlackElo "1032"]
[BlackTeam "The Hall 3"]
[Result "1-0"]
[PlyCount "39"]

1. d4 Nf6 2. c4 g6 3. g3 Bg7 4. Nf3 d6 5. Bg2 Nc6 6. Nc3 Bf5 7. d5 Nb4 8. Nd4 e5 9. Nxf5 gxf5 10. Qa4+ Qd7 11. Qxb4 O-O-O 12. e4 fxe4 13. Nxe4 Nxe4 14. Bxe4 Qg4 15. Bg2 b6 16. h4 f5 17. Bg5 Rde8 18. Qc3 h6 19. Be3 f4 20. Bh3 1-0

[Event "Junior Online 4NCL Division 4"]
[Site "online"]
[Date "2021.04.01"]
[EventDate "2021.04.01"]
[Round "6.133"]
[White "Kohli, Aryan"]
[WhiteElo "1083"]
[WhiteTeam "The Hall 3"]
[Black "Wu, Feitong"]
[BlackElo "1390"]
[BlackTeam "Forest Hall Juniors"]
[Result "1-0"]
[PlyCount "69"]

1. d4 e6 2. Bf4 Nf6 3. e3 d5 4. c3 c5 5. Bb5+ Nc6 6. Qa4 Bd7 7. Qb3 a6 8. Bxc6 Bxc6 9. Nf3 Ne4 10. Nbd2 Nxd2 11. Nxd2 Qd7 12. O-O Ba4 13. Qb6 Rc8 14. b3 Bb5 15. a4 Bxf1 16. Rxf1 Be7 17. Nf3 O-O 18. Ne5 Qd8 19. Qxb7 cxd4 20. cxd4 f6 21. Nc6 Qe8 22. Nxe7+ Kh8 23. Nxc8 Qxc8 24. Qxc8 Rxc8 25. f3 Rc3 26. Rb1 g5 27. Bg3 Kg7 28. e4 dxe4 29. fxe4 Kg6 30. e5 f5 31. b4 Rc4 32. Bf2 f4 33. b5 axb5 34. axb5 Kf5 35. b6 1-0

[Event "Junior Online 4NCL Division 4"]
[Site "online"]
[Date "2021.04.01"]
[EventDate "2021.04.01"]
[Round "6.134"]
[White "Mohindra, Arun"]
[WhiteElo "1275"]
[WhiteTeam "Forest Hall Juniors"]
[Black "Agarwal, Mihir"]
[BlackElo "1098"]
[BlackTeam "The Hall 3"]
[Result "1-0"]
[PlyCount "61"]

1. e4 e5 2. Nf3 Nc6 3. Bc4 Bc5 4. O-O Nge7 5. c3 d5 6. exd5 Nxd5 7. Qb3 Be6 8. Qxb7 Na5 9. Qb5+ c6 10. Qxc5 Nxc4 11. Qxc4 Nf4 12. Qxc6+ Bd7 13. Qd6 Bg4 14. Qxd8+ Rxd8 15. Nxe5 Be6 16. d4 O-O 17. Bxf4 f6 18. Nf3 g5 19. Bg3 h5 20. h4 gxh4 21. Bxh4 Kh7 22. Nbd2 Kg6 23. Rfe1 Bg4 24. Rac1 Rfe8 25. Rxe8 Rxe8 26. Re1 Rb8 27. b4 Bxf3 28. Nxf3 Kf5 29. d5 Rd8 30. Nd4+ Kg4 31. Re4# 1-0

[Event "Junior Online 4NCL Division 4"]
[Site "online"]
[Date "2021.04.01"]
[EventDate "2021.04.01"]
[Round "6.135"]
[White "Johnston, Alexander"]
[WhiteElo "1464"]
[WhiteTeam "Forest Hall Juniors"]
[Black "Litvin, Theo"]
[BlackElo "1099"]
[BlackTeam "The Hall 3"]
[Result "1-0"]
[PlyCount "89"]

1. e4 e5 2. Nf3 Nf6 3. Nxe5 Nc6 4. Nxc6 dxc6 5. d3 Bc5 6. Be2 O-O 7. O-O Re8 8. Nd2 Be6 9. Nb3 Bb6 10. Re1 Qe7 11. Bf3 Rad8 12. Be3 Qf8 13. c3 Bxb3 14. axb3 Nxe4 15. Bxb6 axb6 16. Bxe4 Qc5 17. d4 Qg5 18. Qf3 Ra8 19. Rxa8 Rxa8 20. Qf5 Qh6 21. Qh3 Qxh3 22. gxh3 Ra5 23. Bxc6 g6 24. Bxb7 Ra2 25. Rb1 Ra7 26. Bg2 Kg7 27. f4 Kf6 28. Kf2 Kf5 29. Ke3 h5 30. Be4+ Kf6 31. b4 b5 32. b3 Ra2 33. c4 bxc4 34. bxc4 Rxh2 35. Rh1 Rb2 36. b5 Rb3+ 37. Bd3 Ke6 38. h4 f5 39. Rb1 Ra3 40. b6 Kd7 41. b7 Kd6 42. b8=Q Ra6 43. Qd8+ Kc6 44. d5+ Kc5 45. Rb5# 1-0

[Event "Junior Online 4NCL Division 4"]
[Site "online"]
[Date "2021.04.01"]
[EventDate "2021.04.01"]
[Round "6.136"]
[White "Payne, Luca"]
[WhiteElo "1032"]
[WhiteTeam "The Hall 3"]
[Black "Hutchins, Andrew"]
[BlackElo "1449"]
[BlackTeam "Forest Hall Juniors"]
[Result "0-1"]
[PlyCount "124"]

1. g3 e5 2. c4 Bc5 3. Bg2 Nf6 4. Nc3 O-O 5. Nf3 d6 6. d4 exd4 7. Nxd4 Bxd4 8. Qxd4 Nc6 9. Qd3 Bd7 10. Bg5 Ne5 11. Qd4 Rb8 12. c5 Nc6 13. Bxc6 Bxc6 14. Bxf6 Qxf6 15. Qxf6 gxf6 16. O-O dxc5 17. Rad1 Rbd8 18. a3 b5 19. f3 a5 20. e4 b4 21. axb4 cxb4 22. Nd5 Bxd5 23. Rxd5 Rxd5 24. exd5 Rd8 25. Rd1 c6 26. d6 Kf8 27. Kf2 Ke8 28. Ke3 Kd7 29. Ke4 Ke6 30. d7 f5+ 31. Kf4 c5 32. Rc1 Rxd7 33. Rxc5 Rd2 34. Rxa5 Rxb2 35. Rxf5 Rxh2 36. Rb5 Rb2 37. Ke4 Rb3 38. g4 Rc3 39. Rxb4 Kf6 40. f4 Rc1 41. Rb6+ Kg7 42. f5 f6 43. Rb7+ Kh6 44. Kf4 Rc4+ 45. Kg3 Kg5 46. Rxh7 Rxg4+ 47. Kh3 Kxf5 48. Rh5+ Kf4 49. Rh6 f5 50. Rf6 Rg3+ 51. Kh2 Rg5 52. Kh3 Kf3 53. Kh4 Rg4+ 54. Kh3 f4 55. Kh2 Kf2 56. Kh3 Rg3+ 57. Kh2 f3 58. Rc6 Rg2+ 59. Kh1 Kg3 60. Rg6+ Kf2 61. Rf6 Rg5 62. Kh2 Rh5# 0-1

[Event "Junior Online 4NCL Division 4"]
[Site "online"]
[Date "2021.04.01"]
[EventDate "2021.04.01"]
[Round "6.137"]
[White "Wu, Feitong"]
[WhiteElo "1390"]
[WhiteTeam "Forest Hall Juniors"]
[Black "Kohli, Aryan"]
[BlackElo "1083"]
[BlackTeam "The Hall 3"]
[Result "1-0"]
[PlyCount "115"]

1. e4 c5 2. Nc3 d6 3. g3 e6 4. Bg2 Nc6 5. f4 Nf6 6. Nf3 Be7 7. O-O O-O 8. d3 Bd7 9. Re1 Ng4 10. Bd2 Qb6 11. Na4 Qb5 12. c4 Qa6 13. h3 Nf6 14. Nc3 Qb6 15. e5 dxe5 16. fxe5 Nh5 17. g4 Ng3 18. Bf4 Bh4 19. Nxh4 Qxb2 20. Rc1 Nd4 21. Bxg3 a6 22. Na4 Bxa4 23. Qxa4 Ne2+ 24. Rxe2 Qxe2 25. Qc2 Qe3+ 26. Bf2 Qxe5 27. Bxb7 Ra7 28. Bg2 Rc7 29. Re1 Qf6 30. Nf3 Qh6 31. Ne5 f6 32. Nf3 f5 33. Ne5 Qf6 34. Qe2 fxg4 35. Nxg4 Qf7 36. Qxe6 Qxe6 37. Rxe6 Ra7 38. Bxc5 Rfa8 39. Bxa8 Rxa8 40. d4 Rc8 41. Rxa6 Rf8 42. Bxf8 Kxf8 43. Ra7 h5 44. c5 hxg4 45. hxg4 Kg8 46. c6 Kh7 47. c7 Kh6 48. g5+ Kh7 49. g6+ Kh6 50. c8=Q Kxg6 51. Ra6+ Kh7 52. Qh3+ Kg8 53. Ra8+ Kf7 54. Qd7+ Kg6 55. Qe6+ Kh7 56. Qf5+ Kh6 57. Ra6+ g6 58. Qxg6# 1-0

[Event "Junior Online 4NCL Division 4"]
[Site "online"]
[Date "2021.04.01"]
[EventDate "2021.04.01"]
[Round "6.138"]
[White "Agarwal, Mihir"]
[WhiteElo "1098"]
[WhiteTeam "The Hall 3"]
[Black "Mohindra, Arun"]
[BlackElo "1275"]
[BlackTeam "Forest Hall Juniors"]
[Result "0-1"]
[PlyCount "108"]

1. e4 Nf6 2. Nc3 d5 3. f3 dxe4 4. fxe4 Nc6 5. Nf3 e5 6. Bc4 Bc5 7. d3 O-O 8. Qe2 Ng4 9. d4 exd4 10. Na4 Bb4+ 11. c3 dxc3 12. bxc3 Bd6 13. h3 Nf6 14. O-O Re8 15. Bd3 Bf5 16. Qc2 Bxe4 17. Bxe4 Nxe4 18. Re1 Nf6 19. Bb2 Rxe1+ 20. Rxe1 b5 21. Ng5 bxa4 22. Qxa4 Qd7 23. c4 Ne5 24. Qb3 Ng6 25. Bxf6 gxf6 26. Qf3 Bc5+ 27. Kh1 fxg5 28. Qxa8+ Nf8 29. Qd5 Qxd5 30. cxd5 f6 31. Kh2 Ng6 32. Rc1 Bd6+ 33. Kh1 Nf4 34. Kg1 Ne2+ 35. Kf2 Nxc1 36. a4 Nb3 37. Ke2 Na5 38. Kd3 f5 39. Kd4 Kf7 40. Ke3 Kf6 41. Kd4 h6 42. Ke3 Ke5 43. Kf3 Kxd5 44. g4 f4 45. Kf2 Kd4 46. Kf3 Bb4 47. Kf2 Kd3 48. Kf3 Bd2 49. Kf2 Be3+ 50. Kf3 Nc4 51. Kg2 Ke2 52. Kh2 Ne5 53. Kg2 f3+ 54. Kg3 Bf4# 0-1

[Event "Junior Online 4NCL Division 4"]
[Site "online"]
[Date "2021.04.01"]
[EventDate "2021.04.01"]
[Round "6.141"]
[White "Mallick, Ismail"]
[WhiteElo "1075"]
[WhiteTeam "Wimbledon Juniors A"]
[Black "Pipalia, Rishi"]
[BlackElo "1362"]
[BlackTeam "JHJ Shark Tank 6"]
[Result "1-0"]
[PlyCount "45"]

1. e4 e5 2. Nf3 Nc6 3. Bc4 Nd4 4. Nxd4 exd4 5. O-O d6 6. d3 Be6 7. Bb3 Nf6 8. Bg5 Be7 9. Nd2 O-O 10. f4 d5 11. e5 Nd7 12. Bxe7 Qxe7 13. Qf3 f6 14. exf6 Rxf6 15. Bxd5 Bxd5 16. Qxd5+ Qf7 17. Qxf7+ Rxf7 18. Rae1 Raf8 19. g3 g6 20. Ne4 b6 21. a4 Re7 22. Nf6+ Nxf6 23. Rxe7 1-0

[Event "Junior Online 4NCL Division 4"]
[Site "online"]
[Date "2021.04.01"]
[EventDate "2021.04.01"]
[Round "6.142"]
[White "Sisupalan, Beni"]
[WhiteElo "1314"]
[WhiteTeam "JHJ Shark Tank 6"]
[Black "Doorduin, Lara"]
[BlackElo "1073"]
[BlackTeam "Wimbledon Juniors A"]
[Result "1-0"]
[PlyCount "67"]

1. e4 e5 2. Nf3 Nc6 3. Nc3 Nf6 4. d4 exd4 5. Nxd4 Bc5 6. Be3 O-O 7. Nxc6 dxc6 8. Qxd8 Rxd8 9. Bxc5 b6 10. Be3 Ng4 11. Be2 Nxe3 12. fxe3 f5 13. Bc4+ Kh8 14. Rd1 Rxd1+ 15. Kxd1 fxe4 16. Nxe4 Bf5 17. Ng5 Rd8+ 18. Kc1 Re8 19. Nf7+ Kg8 20. Nd6+ Kf8 21. Nxf5 Re5 22. Rf1 Rxe3 23. Nxe3+ Ke8 24. Rf7 Kd8 25. Be6 Ke8 26. Nf5 g6 27. Ng7+ Kd8 28. Kd2 g5 29. Ke3 g4 30. Ke4 g3 31. h3 h5 32. Ke5 h4 33. Kf6 c5 34. Rf8# 1-0

[Event "Junior Online 4NCL Division 4"]
[Site "online"]
[Date "2021.04.01"]
[EventDate "2021.04.01"]
[Round "6.143"]
[White "Shan-Muhammad, Rohan"]
[WhiteElo "1068"]
[WhiteTeam "Wimbledon Juniors A"]
[Black "Bryant, Amelie"]
[BlackElo "1315"]
[BlackTeam "JHJ Shark Tank 6"]
[Result "1-0"]
[PlyCount "53"]

1. e4 c6 2. d4 d5 3. e5 e6 4. Nf3 Bb4+ 5. Bd2 Bxd2+ 6. Nbxd2 Ne7 7. c4 O-O 8. cxd5 Nxd5 9. Nb3 b6 10. Bc4 Bb7 11. Bxd5 Qxd5 12. O-O Nd7 13. h3 Ba6 14. Re1 Rac8 15. Qc2 Bb5 16. Ng5 g6 17. Ne4 Bc4 18. Qd1 Bxb3 19. axb3 c5 20. Rxa7 Rcd8 21. Qg4 Qxb3 22. Rxd7 Rxd7 23. Nf6+ Kh8 24. Nxd7 Ra8 25. Nf6 Qxb2 26. Qh4 Ra1 27. Qxh7# 1-0

[Event "Junior Online 4NCL Division 4"]
[Site "online"]
[Date "2021.04.01"]
[EventDate "2021.04.01"]
[Round "6.144"]
[White "Sharma, Ishaan"]
[WhiteElo "1328"]
[WhiteTeam "JHJ Shark Tank 6"]
[Black "Kou, Victor"]
[BlackElo "965"]
[BlackTeam "Wimbledon Juniors A"]
[Result "0-1"]
[PlyCount "64"]

1. e4 c5 2. Nf3 Nc6 3. Bc4 h6 4. O-O e5 5. Nc3 Nf6 6. d3 Be7 7. Be3 Qb6 8. b3 Na5 9. Nxe5 Nxc4 10. dxc4 O-O 11. Nd5 Nxd5 12. cxd5 Bd6 13. Nc4 Qc7 14. Qg4 Bxh2+ 15. Kh1 d6 16. Kxh2 Bxg4 17. f3 Bd7 18. Kg1 f5 19. Rab1 fxe4 20. fxe4 Rxf1+ 21. Rxf1 Bb5 22. Rf3 Rf8 23. Rg3 Kh7 24. Nd2 c4 25. b4 c3 26. Nf3 Qc4 27. Kh2 Qxe4 28. Bxa7 Rxf3 29. gxf3 Qe2+ 30. Kh3 Bd7+ 31. Kh4 Qh2+ 32. Rh3 Qxh3# 0-1

[Event "Junior Online 4NCL Division 4"]
[Site "online"]
[Date "2021.04.01"]
[EventDate "2021.04.01"]
[Round "6.145"]
[White "Pipalia, Rishi"]
[WhiteElo "1362"]
[WhiteTeam "JHJ Shark Tank 6"]
[Black "Mallick, Ismail"]
[BlackElo "1075"]
[BlackTeam "Wimbledon Juniors A"]
[Result "1-0"]
[PlyCount "61"]

1. d4 d5 2. c3 Nf6 3. c4 dxc4 4. e3 b5 5. a4 bxa4 6. Bxc4 Bd7 7. b3 axb3 8. Qxb3 e6 9. Nc3 Be7 10. d5 e5 11. Qb7 O-O 12. Qxa8 Bb4 13. Bd2 Qe7 14. Qxa7 Bf5 15. Nge2 Bc5 16. Qa2 Nbd7 17. O-O Nb6 18. Bb3 Nfd7 19. e4 Bg6 20. Ng3 Qf6 21. Bc2 Bd4 22. Rac1 Nc5 23. Nb5 c6 24. Nxd4 exd4 25. dxc6 Qxc6 26. Bb4 Rd8 27. Bb3 Nbd7 28. Qa5 Rc8 29. f4 h6 30. f5 Bh7 31. e5 1-0

[Event "Junior Online 4NCL Division 4"]
[Site "online"]
[Date "2021.04.01"]
[EventDate "2021.04.01"]
[Round "6.146"]
[White "Doorduin, Lara"]
[WhiteElo "1073"]
[WhiteTeam "Wimbledon Juniors A"]
[Black "Sisupalan, Beni"]
[BlackElo "1314"]
[BlackTeam "JHJ Shark Tank 6"]
[Result "0-1"]
[PlyCount "70"]

1. e4 e5 2. Nf3 Nc6 3. Bc4 Bc5 4. c3 Nf6 5. d4 exd4 6. cxd4 Bb4+ 7. Nc3 Bxc3+ 8. bxc3 Nxe4 9. Qe2 d5 10. Bb5 O-O 11. O-O Nxc3 12. Qb2 Nxb5 13. Qxb5 a6 14. Qb2 b5 15. a4 bxa4 16. Rxa4 Be6 17. Qc2 Qd7 18. Ne5 Nxe5 19. dxe5 Bf5 20. Qd2 Qxa4 21. Qxd5 Qe4 22. Qxe4 Bxe4 23. Re1 Bc6 24. e6 fxe6 25. Rxe6 Rad8 26. h3 Rd1+ 27. Kh2 Rxc1 28. Re7 Ba8 29. f4 Rc2 30. Kg3 Rxg2+ 31. Kh4 Rxf4+ 32. Kh5 Rf5+ 33. Kh4 g5+ 34. Kh5 Bf3+ 35. Kh6 Rf6# 0-1

[Event "Junior Online 4NCL Division 4"]
[Site "online"]
[Date "2021.04.01"]
[EventDate "2021.04.01"]
[Round "6.147"]
[White "Bryant, Amelie"]
[WhiteElo "1315"]
[WhiteTeam "JHJ Shark Tank 6"]
[Black "Shan-Muhammad, Rohan"]
[BlackElo "1068"]
[BlackTeam "Wimbledon Juniors A"]
[Result "1-0"]
[PlyCount "31"]

1. e4 e5 2. Nf3 Nc6 3. Bc4 Bc5 4. d4 Bxd4 5. c3 Bb6 6. Ng5 Qf6 7. Bxf7+ Kf8 8. O-O Nh6 9. Bb3 Qg6 10. Qf3+ Nf7 11. Bxf7 Qh6 12. Ne6+ Ke7 13. Bxh6 dxe6 14. Bg5+ Kf8 15. Bxe6+ Ke8 16. Qf7# 1-0

[Event "Junior Online 4NCL Division 4"]
[Site "online"]
[Date "2021.04.01"]
[EventDate "2021.04.01"]
[Round "6.148"]
[White "Kou, Victor"]
[WhiteElo "965"]
[WhiteTeam "Wimbledon Juniors A"]
[Black "Sharma, Ishaan"]
[BlackElo "1328"]
[BlackTeam "JHJ Shark Tank 6"]
[Result "1-0"]
[PlyCount "67"]

1. e4 e5 2. Nf3 Nc6 3. Bc4 Nf6 4. Nc3 Bc5 5. d3 O-O 6. Bg5 h6 7. Bh4 d6 8. Nd5 Bg4 9. Nxf6+ gxf6 10. c3 f5 11. Bxd8 Raxd8 12. h3 Bh5 13. O-O fxe4 14. dxe4 a6 15. a4 Na5 16. Ba2 c6 17. b4 Bb6 18. g4 Bg6 19. bxa5 Bxa5 20. Rc1 Bxe4 21. g5 hxg5 22. Nxg5 Bg6 23. Qg4 Kg7 24. f4 f5 25. Ne6+ Kf6 26. Qg5+ Kf7 27. Nxd8+ Ke8 28. Qxg6+ Kxd8 29. fxe5 Bb6+ 30. Kh2 dxe5 31. Rcd1+ Kc8 32. Qe6+ Kb8 33. Qd6+ Ka7 34. Qxf8 1-0

[Event "Junior Online 4NCL Division 4"]
[Site "online"]
[Date "2021.04.01"]
[EventDate "2021.04.01"]
[Round "6.151"]
[White "Bass, Finn"]
[WhiteElo "894"]
[WhiteTeam "Rhodes Avenue Rooks"]
[Black "Weisfeld, Raphael"]
[BlackElo "1030"]
[BlackTeam "Tetherdown Knights"]
[Result "0-1"]
[PlyCount "58"]

1. e4 e5 2. Bc4 Nf6 3. Nc3 Nxe4 4. Nxe4 d5 5. Bxd5 Qxd5 6. Nc3 Qxg2 7. Qf3 Qxf3 8. Nxf3 Bc5 9. Nxe5 O-O 10. Nd5 Na6 11. d3 Re8 12. f4 f6 13. Nxc7 Nxc7 14. Kd2 fxe5 15. fxe5 Rxe5 16. b3 Bb4+ 17. c3 Ba5 18. d4 Re8 19. Ba3 Be6 20. Bd6 Nb5 21. Bc5 Bxc3+ 22. Kc2 Bxa1 23. Rxa1 Rac8 24. a4 Nxd4+ 25. Kb2 Rxc5 26. b4 Rc2+ 27. Ka3 Bd5 28. Rd1 Re3+ 29. Rd3 Rxd3# 0-1

[Event "Junior Online 4NCL Division 4"]
[Site "online"]
[Date "2021.04.01"]
[EventDate "2021.04.01"]
[Round "6.152"]
[White "Thorburn, Rory"]
[WhiteElo "993"]
[WhiteTeam "Tetherdown Knights"]
[Black "Gelmini, Leonardo"]
[BlackElo "900"]
[BlackTeam "Rhodes Avenue Rooks"]
[Result "0-1"]
[PlyCount "50"]

1. e4 c5 2. Nc3 g6 3. d3 Bg7 4. Nf3 Nc6 5. Na4 Qa5+ 6. Nc3 Bxc3+ 7. bxc3 Qxc3+ 8. Bd2 Qf6 9. Rb1 Rb8 10. Rb3 Nd4 11. Nxd4 cxd4 12. c3 e5 13. cxd4 exd4 14. g3 Qe6 15. Bf4 d6 16. Be2 Qe7 17. O-O Be6 18. Rb4 Bh3 19. Re1 a5 20. Rxd4 Rd8 21. e5 dxe5 22. Re4 f6 23. d4 Qb4 24. Qb3 Qxe1+ 25. Bf1 Qxf1# 0-1

[Event "Junior Online 4NCL Division 4"]
[Site "online"]
[Date "2021.04.01"]
[EventDate "2021.04.01"]
[Round "6.153"]
[White "Wilson, Donnie"]
[WhiteElo "879"]
[WhiteTeam "Rhodes Avenue Rooks"]
[Black "Murphy, Sam"]
[BlackElo "910"]
[BlackTeam "Tetherdown Knights"]
[Result "0-1"]
[PlyCount "74"]

1. e4 e5 2. Nf3 Nc6 3. Bb5 Nf6 4. d4 d6 5. d5 a6 6. Bxc6+ bxc6 7. dxc6 Bb7 8. cxb7 Rb8 9. Bg5 Be7 10. Bxf6 Bxf6 11. Qd5 Qd7 12. O-O c6 13. Qb3 Rxb7 14. Qc4 a5 15. Qa6 Qc7 16. Rd1 O-O 17. Rxd6 Ra7 18. Qd3 c5 19. Nc3 c4 20. Nb5 cxd3 21. Nxc7 Rxc7 22. Rxd3 Rxc2 23. Rb3 Rfc8 24. Rc3 R8xc3 25. bxc3 Rxc3 26. Ne1 Rc8 27. a4 h6 28. Nf3 Rc4 29. Nd2 Rc2 30. Nb3 Bd8 31. Nc1 Rc4 32. f3 Bb6+ 33. Kh1 Bd4 34. Rb1 Rxa4 35. Rb8+ Kh7 36. Nd3 Ra1+ 37. Nc1 Rxc1# 0-1

[Event "Junior Online 4NCL Division 4"]
[Site "online"]
[Date "2021.04.01"]
[EventDate "2021.04.01"]
[Round "6.154"]
[White "Cartwright, Ethan"]
[WhiteElo "956"]
[WhiteTeam "Tetherdown Knights"]
[Black "O'Connor, Ethan"]
[BlackElo "858"]
[BlackTeam "Rhodes Avenue Rooks"]
[Result "1-0"]
[PlyCount "71"]

1. e4 e5 2. Nf3 Nc6 3. Bc4 Bc5 4. Nc3 Nf6 5. d3 O-O 6. O-O Nb4 7. a3 Nc6 8. b4 Bb6 9. b5 Nd4 10. Nxd4 Bxd4 11. Bb2 d6 12. Rb1 Bg4 13. Qe1 Nh5 14. Nd5 Qg5 15. Bxd4 Bh3 16. g3 Bxf1 17. Qxf1 exd4 18. a4 Nf6 19. Nxc7 Rac8 20. Nd5 Ng4 21. f4 Qh6 22. h4 Qg6 23. Ne7+ Kh8 24. Nxg6+ Kg8 25. Ne7+ Kh8 26. Nxc8 Rxc8 27. Bxf7 Rf8 28. Bb3 Ne3 29. Qe2 Rf6 30. e5 Rg6 31. exd6 Rxg3+ 32. Kf2 Rg2+ 33. Kf3 Rxe2 34. Kxe2 Ng4 35. d7 Nh2 36. d8=R# 1-0

[Event "Junior Online 4NCL Division 4"]
[Site "online"]
[Date "2021.04.01"]
[EventDate "2021.04.01"]
[Round "6.155"]
[White "Weisfeld, Raphael"]
[WhiteElo "1030"]
[WhiteTeam "Tetherdown Knights"]
[Black "Bass, Finn"]
[BlackElo "894"]
[BlackTeam "Rhodes Avenue Rooks"]
[Result "0-1"]
[PlyCount "112"]

1. e4 e5 2. Nf3 Nc6 3. Bc4 Nf6 4. Ng5 d5 5. exd5 Nxd5 6. Bxd5 Qxd5 7. Qf3 Qxf3 8. Nxf3 Nd4 9. Nxd4 exd4 10. O-O Bf5 11. d3 O-O-O 12. Nd2 Bb4 13. Nf3 Rhe8 14. Bf4 Bd6 15. Bxd6 Rxd6 16. Ng5 Bg6 17. Rae1 Rxe1 18. Rxe1 f6 19. Nf3 b6 20. g3 Rc6 21. Nxd4 Rc5 22. c3 Bxd3 23. Ne6 Rb5 24. Nxg7 Rxb2 25. Re3 Rb1+ 26. Kg2 Bf1+ 27. Kf3 Rb2 28. Ne8 Rxa2 29. Nxf6 h6 30. Ng4 h5 31. Nf6 Ra5 32. h4 Rf5+ 33. Ke4 Rxf6 34. Ke5 Rxf2 35. Re1 Bc4 36. Re4 Bd3 37. Rd4 Bc2 38. Rd5 Rf5+ 39. Kd4 Rxd5+ 40. Kxd5 a5 41. c4 a4 42. c5 bxc5 43. Kxc5 a3 44. Kc4 a2 45. Kc3 a1=Q+ 46. Kxc2 Qg1 47. g4 Qxg4 48. Kd3 Qxh4 49. Ke3 Qg5+ 50. Kf3 h4 51. Kf2 h3 52. Kf1 h2 53. Kf2 h1=R 54. Ke2 Qg3 55. Kd2 Rh2+ 56. Kd1 Qg1# 0-1

[Event "Junior Online 4NCL Division 4"]
[Site "online"]
[Date "2021.04.01"]
[EventDate "2021.04.01"]
[Round "6.156"]
[White "Gelmini, Leonardo"]
[WhiteElo "900"]
[WhiteTeam "Rhodes Avenue Rooks"]
[Black "Thorburn, Rory"]
[BlackElo "993"]
[BlackTeam "Tetherdown Knights"]
[Result "1-0"]
[PlyCount "97"]

1. c4 c5 2. Nc3 Nc6 3. g3 Nf6 4. Bg2 d6 5. Nf3 Nd4 6. Nxd4 cxd4 7. Nd5 Nxd5 8. cxd5 e6 9. dxe6 fxe6 10. Qa4+ Bd7 11. Qxd4 e5 12. Qc3 Rc8 13. Qe3 Be7 14. Bxb7 Rc7 15. Bg2 O-O 16. d3 h6 17. Bd2 Bg5 18. f4 exf4 19. gxf4 Bxf4 20. Bd5+ Kh8 21. Qd4 Bxd2+ 22. Kxd2 Qf6 23. Qxf6 Rxf6 24. Rhf1 Rxf1 25. Rxf1 g5 26. Rf6 Kg7 27. Rxd6 Rb7 28. Bxb7 Bf5 29. e4 Bg6 30. Rd7+ Kf6 31. Rd6+ Kf7 32. Ke3 g4 33. Kf4 Ke7 34. Rxg6 g3 35. hxg3 h5 36. Rg7+ Kf6 37. Rc7 Ke6 38. Bc8+ Kd6 39. Rxa7 Kc6 40. Ra5 Kb6 41. Rxh5 Kc7 42. g4 Kxc8 43. g5 Kc7 44. g6 Kc6 45. g7 Kd6 46. g8=Q Kc6 47. Qg6+ Kd7 48. Rh7+ Kd8 49. Qg8# 1-0

[Event "Junior Online 4NCL Division 4"]
[Site "online"]
[Date "2021.04.01"]
[EventDate "2021.04.01"]
[Round "6.157"]
[White "Murphy, Sam"]
[WhiteElo "910"]
[WhiteTeam "Tetherdown Knights"]
[Black "Wilson, Donnie"]
[BlackElo "879"]
[BlackTeam "Rhodes Avenue Rooks"]
[Result "1-0"]
[PlyCount "109"]

1. d4 b5 2. e4 g5 3. Bxb5 c6 4. Bd3 Na6 5. Bxg5 Nb4 6. Bf4 Qa5 7. Nc3 Nxd3+ 8. Qxd3 Ba6 9. Qd1 e5 10. Bxe5 Bb4 11. Bxh8 Bxc3+ 12. bxc3 Qxc3+ 13. Qd2 Qxa1+ 14. Qd1 Qxa2 15. Ne2 Bxe2 16. Qxe2 O-O-O 17. c3 Qxe2+ 18. Kxe2 Re8 19. f3 a5 20. Ra1 Nh6 21. Be5 Rg8 22. g4 c5 23. Rxa5 cxd4 24. Ra8+ Kb7 25. Rxg8 Nxg8 26. cxd4 f6 27. Bg3 Ne7 28. Ke3 Kc6 29. e5 fxe5 30. Bxe5 d6 31. Bg3 Nd5+ 32. Ke4 Nc3+ 33. Kd3 Nd1 34. f4 Nb2+ 35. Ke4 Nc4 36. d5+ Kc5 37. f5 Nd2+ 38. Kf4 Nf1 39. f6 Kxd5 40. f7 Nxg3 41. hxg3 Ke6 42. f8=Q d5 43. Qf5+ Kd6 44. g5 d4 45. Qxh7 Kd5 46. g6 d3 47. Qh2 Kd4 48. g7 Kc3 49. g8=Q d2 50. Qc8+ Kd3 51. Qd7+ Kc3 52. Qhxd2+ Kc4 53. Qc2+ Kb4 54. Qb7+ Ka3 55. Qcb3# 1-0

[Event "Junior Online 4NCL Division 4"]
[Site "online"]
[Date "2021.04.01"]
[EventDate "2021.04.01"]
[Round "6.161"]
[White "Toth, Nandor"]
[WhiteElo "1264"]
[WhiteTeam "St James Primary"]
[Black "Bengani, Arihant"]
[BlackElo "1105"]
[BlackTeam "Edgware Gambits G"]
[Result "1-0"]
[PlyCount "61"]

1. e4 e5 2. Nf3 Nc6 3. Nc3 Nf6 4. Bb5 d6 5. d4 a6 6. Bxc6+ bxc6 7. dxe5 dxe5 8. Qxd8+ Kxd8 9. Nxe5 Be6 10. Nxc6+ Kc8 11. Bg5 Kb7 12. Na5+ Kb6 13. Nb3 h6 14. Bxf6 gxf6 15. O-O-O Rg8 16. g3 a5 17. Na4+ Ka6 18. Nbc5+ Kb5 19. Nxe6 Kxa4 20. Nxc7 Rc8 21. Rd4+ Bb4 22. Nd5 Rb8 23. c3 Rgc8 24. Kd2 Kb5 25. cxb4 Ka6 26. bxa5 Rxb2+ 27. Ke3 Rxa2 28. Nxf6 Rxa5 29. Nd5 Ra3+ 30. Kf4 Ra2 31. Nb4+ 1-0

[Event "Junior Online 4NCL Division 4"]
[Site "online"]
[Date "2021.04.01"]
[EventDate "2021.04.01"]
[Round "6.162"]
[White "Tager, Maya"]
[WhiteElo "1037"]
[WhiteTeam "Edgware Gambits G"]
[Black "Crichton, Finlay"]
[BlackElo "1116"]
[BlackTeam "St James Primary"]
[Result "0-1"]
[PlyCount "76"]

1. e4 e5 2. Nf3 Nc6 3. Bb5 Nf6 4. d3 d6 5. O-O Bd7 6. c3 a6 7. Bc4 Be6 8. Bxe6 fxe6 9. Nbd2 Be7 10. Re1 O-O 11. Qb3 Qd7 12. Qxb7 Na5 13. Qb4 Nc6 14. Qb3 Na5 15. Qd1 Nc6 16. Nb3 Qe8 17. d4 exd4 18. cxd4 Qh5 19. e5 dxe5 20. dxe5 Ng4 21. h3 Ngxe5 22. Nxe5 Qxd1 23. Rxd1 Nxe5 24. Re1 Bd6 25. Bf4 Rxf4 26. Rad1 Raf8 27. f3 R8f6 28. Nd4 Bc5 29. Rxe5 Bxd4+ 30. Rxd4 Rxd4 31. Kh2 Rd5 32. Re3 Rd2 33. Rb3 Rf5 34. Rb8+ Kf7 35. Rb7 Rc2 36. a4 Rf4 37. Kg3 Rxa4 38. b3 Rb2 0-1

[Event "Junior Online 4NCL Division 4"]
[Site "online"]
[Date "2021.04.01"]
[EventDate "2021.04.01"]
[Round "6.163"]
[White "Harle Smith, Joseph"]
[WhiteElo "1032"]
[WhiteTeam "St James Primary"]
[Black "Dhaliwal, Simrun Kaur"]
[BlackElo "1028"]
[BlackTeam "Edgware Gambits G"]
[Result "1-0"]
[PlyCount "71"]

1. e4 e5 2. Nf3 Nc6 3. Bc4 Be7 4. Nc3 Nf6 5. O-O O-O 6. d3 Bc5 7. Nd5 Nxd5 8. exd5 Nd4 9. Nxe5 d6 10. Nf3 Bg4 11. Bg5 f6 12. Bh4 Nxf3+ 13. gxf3 Bh3 14. Re1 Qd7 15. d4 Bb4 16. Bf1 Bxe1 17. Qxe1 Rfe8 18. Be2 Re7 19. Qd2 Rae8 20. Re1 a6 21. f4 Bg4 22. f3 Bxf3 23. Bxf3 Rxe1+ 24. Bxe1 Qh3 25. Bg3 h5 26. Qg2 Qf5 27. Bd1 Qe6 28. dxe6 Rxe6 29. Bxh5 Re3 30. Qxb7 Kh7 31. Qxc7 d5 32. Qf7 a5 33. Bh4 a4 34. Bxf6 Rg3+ 35. hxg3 Kh8 36. Qxg7# 1-0

[Event "Junior Online 4NCL Division 4"]
[Site "online"]
[Date "2021.04.01"]
[EventDate "2021.04.01"]
[Round "6.164"]
[White "Datta, Ishan"]
[WhiteElo "1063"]
[WhiteTeam "Edgware Gambits G"]
[Black "Tang, Ismini"]
[BlackElo "866"]
[BlackTeam "St James Primary"]
[Result "0-1"]
[PlyCount "68"]

1. d4 d5 2. c4 Nf6 3. cxd5 Nxd5 4. e4 Nf6 5. Nc3 e5 6. dxe5 Qxd1+ 7. Kxd1 Ng4 8. Be3 Nxe3+ 9. fxe3 Nc6 10. Kc2 Nxe5 11. Rc1 Bc5 12. Kb1 Bxe3 13. Re1 Bxg1 14. Rxg1 O-O 15. Nd5 c6 16. Ne7+ Kh8 17. Nxc8 Raxc8 18. Rc1 Rcd8 19. Be2 Rd4 20. Bf3 Rfd8 21. Rgd1 Nxf3 22. gxf3 Rxd1 23. Rxd1 Rxd1+ 24. Kc2 Rf1 25. Kd3 Rxf3+ 26. Ke2 Rh3 27. Kf2 Rxh2+ 28. Ke1 Rxb2 29. Kd1 Rxa2 30. Kc1 h5 31. Kb1 Rg2 32. Kc1 h4 33. Kd1 h3 34. Ke1 h2 0-1